000 00407nam a2200109Ia 4500
008 171204s9999 xx 000 0 und d
245 _aShareholder Primacy and Corporate Governance: Legal Aspects, Practices and Future Directions
245 _cShuangge Wen
260 _c2013
650 _xASSURANCE PRINCIPLES, PROFESSIONAL ETHICS AND GOOD GOVERNANCE
856 _uhttp://down.ebook777.com/057/041553626X.pdf
999 _c345640
_d345640